000 01213nam a22002177a 4500
003 BUBTL
008 211213b ||||| |||| 00| 0 eng d
020 _a9789849242727
082 _a954.925/ K1277b/ 2016
100 _94466
_aকামাল, কাজী আহমেদ
245 _aবঙ্গবন্ধু শেখ মুজিবুর রহমান এবং বাংলাদেশের অভ্যুদয় /
_cকাজী আহমেদ কামাল
250 _a1st Edn.
260 _aঢাকা :
_bএকাডেমিক প্রেস এন্ড পাবলিশার্স লাইব্রেরি,
_cc2016
300 _a185 p. :
_c22 cm.
505 _aবঙ্গবন্ধু শেখ মুজিবুর রহমান এবং বাংলাদেশের অভ্যুদয়, কাজী আহমেদ কামাল, বঙ্গবন্ধু, শেখ মুজিবুর রহমান, বাংলাদেশের অভ্যুদয়
650 0 _93574
_aবঙ্গবন্ধু
650 0 _94372
_aBangabandhu
856 _k0
_l0
_yDownload
942 _2ddc
_cBK
999 _c6618
_d6618